Hala tuju pengurusan sumber manusia & kerjaya

Bibliographic Details
Main Author: Abdul Rahim Abd. Rashid
Other Authors: Abd. Jalil Othman, Sufean Husin
Format: Book
Published: Kuala Lumpur : Utusan Publication & Distribution , 2006
Series:Siri pengurusan sumber manusia & kerjaya
Subjects:

MARC

LEADER 00000cam a2200000 7i4500
001 0000014479
005 20151018.0
008 080303
020 |a 9676118559 
090 0 0 |a 658.3   |b ABD 
100 0 |a Abdul Rahim Abd. Rashid 
245 1 0 |a Hala tuju pengurusan sumber manusia & kerjaya   |c Abdul Rahim Abd. Rashid, Sufean Husin, Abd. Jalil Othman 
246 0 |a Hala tuju pengurusan sumber manusia dan kerjaya 
260 |a Kuala Lumpur :   |b Utusan Publication & Distribution ,   |c 2006 
440 |a Siri pengurusan sumber manusia & kerjaya 
650 0 |a Human capital 
650 0 |a Personel management 
650 0 |a Work ethic 
700 0 |a Abd. Jalil Othman 
700 0 |a Sufean Husin 
740 0 |a Hala tuju pengurusan sumber manusia dan kerjaya 
999 |a 0001014103   |b Book   |c Adult Collection   |e Cawangan Urban Transformation Centre 
999 |a 0001014104   |b Book   |c Adult Collection   |e Cawangan Urban Transformation Centre 
999 |a 0001014105   |b Book   |c Adult Collection   |e Perbadanan Perpustakaan Awam Johor 
999 |a 0001014106   |b Book   |c Adult Collection   |e Perbadanan Perpustakaan Awam Johor 
999 |a 0001014659   |b Book   |c Adult Collection   |e Cawangan Mersing 
999 |a 0001014660   |b Book   |c Adult Collection   |e Cawangan Bandar Tenggara 
999 |a 0001014661   |b Book   |c Adult Collection   |e Cawangan Pontian 
999 |a 0001028329   |b Book   |c Adult Collection   |e Cawangan Mersing